[Event "Unterfranken-ch M2 56th"]
[Site "Stetten"]
[Date "2005.03.29"]
[Round "4"]
[White "Konrad, Fabian"]
[Black "Zehnter, Sebastian"]
[Result "0-1"]
[WhiteElo "1720"]
[BlackElo "1974"]
[PlyCount "34"]
[EventDate "2005.03.28"]
[EventType "swiss"]
[EventRounds "9"]
[EventCountry "GER"]
[SourceTitle "EXT 2015"]
[Source "ChessBase"]
[SourceDate "2014.11.20"]
[SourceVersion "1"]
[SourceVersionDate "2014.11.20"]
[SourceQuality "1"]

1. c4 Nc6 2. g3 e5 3. Bg2 f5 4. Nc3 Nf6 5. d3 Bb4 6. Bd2 d6 7. e3 Be6 8. Nge2 Qd7 9. 0-0 0-0 10. Qa4 Bxc3 11. Bxc3 d5 12. f4 Ng4 13. cxd5 Bxd5 14. Bxd5+ Qxd5 15. fxe5 Qxd3 16. Nf4 Qxe3+ 17. Kg2 Qb6 0-1

[Event "Unterfranken-ch M1 55th"]
[Site "Bad Koenigshofen"]
[Date "2004.04.15"]
[Round "5"]
[White "Konrad, Fabian"]
[Black "Hartlaub, Marianne"]
[Result "1/2-1/2"]
[WhiteElo "1445"]
[BlackElo "1756"]
[PlyCount "143"]
[EventDate "2004.04.12"]
[EventType "swiss"]
[EventRounds "9"]
[EventCountry "GER"]
[SourceTitle "EXT 2015"]
[Source "ChessBase"]
[SourceDate "2014.11.20"]
[SourceVersion "1"]
[SourceVersionDate "2014.11.20"]
[SourceQuality "1"]

1. c4 e5 2. g3 Nf6 3. Bg2 Be7 4. Nf3 d6 5. 0-0 c6 6. Nc3 Bf5 7. d4 Qc7 8. dxe5 dxe5 9. b3 0-0 10. Bb2 Rd8 11. Qc1 Nbd7 12. Nd2 Nc5 13. b4 Ne6 14. e4 Bg6 15. c5 Rd7 16. Re1 Nd4 17. Nc4 Rad8 18. f3 Bh5 19. Kf2 b5 20. Ne3 Bf8 21. Ne2 Nxe2 22. Rxe2 Ne8 23. Qc3 f6 24. Qc2 Bf7 25. Bc3 g6 26. Rd2 Ng7 27. Rxd7 Rxd7 28. Ng4 Nh5 29. Bh3 Rd8 30. a4 a6 31. axb5 axb5 32. Rd1 Kg7 33. Rxd8 Qxd8 34. Ne3 Kg8 35. Qd2 Qa8 36. Qb2 Be7 37. Bg4 Ng7 38. f4 h5 39. Bh3 exf4 40. gxf4 Qa2 41. Qxa2 Bxa2 42. Bd7 Bf7 43. Bxc6 Be8 44. Bxe8 Nxe8 45. Nd5 Bd8 46. Kg3 Kf7 47. e5 fxe5 48. fxe5 Ke6 49. Nf4+ Kf5 50. Kf3 Bc7 51. Ke3 Ng7 52. c6 g5 53. Nd5 Ne6 54. Nxc7 Nxc7 55. Kf3 Ke6 56. Ke4 Nd5 57. Bd2 g4 58. Be1 Ne7 59. c7 Nc8 60. Bh4 Nb6 61. Kf4 Nd5+ 62. Kg5 Nxc7 63. Kxh5 Kf5 64. Be7 Nd5 65. Bd6 Nf4+ 66. Kh4 Ne6 67. h3 gxh3 68. Kxh3 Nf4+ 69. Kg3 Ng6 70. Kf3 Nxe5+ 71. Bxe5 Kxe5 72. Ke3 1/2-1/2

[Event "Unterfranken-ch HT 54th"]
[Site "Moembris"]
[Date "2003.04.25"]
[Round "8"]
[White "Konrad, Fabian"]
[Black "Muthig, Holger"]
[Result "1-0"]
[WhiteElo "1445"]
[BlackElo "1503"]
[PlyCount "119"]
[EventDate "2003.04.21"]
[EventType "swiss"]
[EventRounds "9"]
[EventCountry "GER"]
[SourceTitle "EXT 2015"]
[Source "ChessBase"]
[SourceDate "2014.11.20"]
[SourceVersion "1"]
[SourceVersionDate "2014.11.20"]
[SourceQuality "1"]

1. d4 Nf6 2. g3 g6 3. Bg2 Bg7 4. c4 c6 5. Nc3 d5 6. cxd5 cxd5 7. Nf3 0-0 8. Bf4 Nc6 9. 0-0 Bf5 10. Rc1 Ne4 11. Qb3 Nxc3 12. bxc3 Na5 13. Qb4 b6 14. Nd2 Rc8 15. e4 dxe4 16. Bxe4 Bxe4 17. Nxe4 e5 18. Be3 exd4 19. cxd4 Qd5 20. Nc3 Qf5 21. Nb5 Qd7 22. Rfd1 Nc6 23. Qa3 Qd5 24. Qb3 Qxb3 25. axb3 Rfd8 26. d5 Na5 27. Rxc8 Rxc8 28. Nxa7 Rb8 29. d6 Bf6 30. d7 Nxb3 31. Nc6 Rd8 32. Bxb6 Rf8 33. d8Q Bxd8 34. Rxd8 Rxd8 35. Bxd8 Nc5 36. Ne7+ Kg7 37. Nd5 Ne6 38. Bf6+ Kf8 39. Kg2 h6 40. Kf3 Kg8 41. Ke4 Nc5+ 42. Kd4 Ne6+ 43. Ke5 Nf8 44. Kd6 Ne6 45. Kd7 g5 46. Ke8 Ng7+ 47. Bxg7 Kxg7 48. Ke7 Kg6 49. Ne3 f5 50. Ke6 f4 51. gxf4 gxf4 52. Ng2 Kg5 53. Ke5 Kg4 54. Nxf4 Kf3 55. Kf5 Kxf2 56. h4 Kg3 57. Ng6 Kf3 58. h5 Kg3 59. Ne5 Kh4 60. Kg6 1-0

[Event "Unterfranken-ch HT 54th"]
[Site "Moembris"]
[Date "2003.04.23"]
[Round "5"]
[White "Konrad, Fabian"]
[Black "Voelker, Joachim"]
[Result "0-1"]
[WhiteElo "1445"]
[BlackElo "1633"]
[PlyCount "94"]
[EventDate "2003.04.21"]
[EventType "swiss"]
[EventRounds "9"]
[EventCountry "GER"]
[SourceTitle "EXT 2015"]
[Source "ChessBase"]
[SourceDate "2014.11.20"]
[SourceVersion "1"]
[SourceVersionDate "2014.11.20"]
[SourceQuality "1"]

1. d4 Nf6 2. Nf3 e6 3. e3 b6 4. Bd3 Be7 5. 0-0 0-0 6. c4 Bb7 7. Nc3 d6 8. b3 c5 9. Bb2 Nc6 10. Qe2 Re8 11. dxc5 bxc5 12. Rad1 a6 13. a3 Qc7 14. Bb1 Nb8 15. e4 Nc6 16. Rfe1 e5 17. Nd5 Nxd5 18. exd5 Nd4 19. Qd3 g6 20. Nd2 Bc8 21. b4 Bd7 22. Bc2 Nxc2 23. Qxc2 Rab8 24. Bc3 Bg5 25. Ne4 Bf5 26. bxc5 Bxe4 27. Qxe4 Qxc5 28. Bb4 Qc7 29. h4 f5 30. Qc2 Bxh4 31. Qc3 Bg5 32. c5 dxc5 33. Qxc5 Qxc5 34. Bxc5 e4 35. g3 Rb5 36. Be3 Bxe3 37. Rxe3 Rd8 38. d6 Rb6 39. d7 Rb7 40. f3 Rbxd7 41. Rxd7 Rxd7 42. fxe4 fxe4 43. Rxe4 Rd3 44. Ra4 Rxg3+ 45. Kf2 Rb3 46. Rxa6 Kg7 47. Ke2 h5 0-1

[Event "Unterfranken-ch HB 53th"]
[Site "Wuerzburg"]
[Date "2002.??.??"]
[Round "8"]
[White "Konrad, Fabian"]
[Black "Barthel, Andre"]
[Result "1-0"]
[WhiteElo "1401"]
[BlackElo "1064"]
[PlyCount "73"]
[EventDate "2002.04.01"]
[EventType "swiss"]
[EventRounds "9"]
[EventCountry "GER"]
[SourceTitle "EXT 2015"]
[Source "ChessBase"]
[SourceDate "2014.11.20"]
[SourceVersion "1"]
[SourceVersionDate "2014.11.20"]
[SourceQuality "1"]

1. c4 e5 2. Nc3 Nc6 3. g3 Bc5 4. Bg2 Nf6 5. e4 0-0 6. Nge2 d6 7. 0-0 Ne7 8. d3 c6 9. Bg5 Ng6 10. h3 h6 11. Be3 Bxe3 12. fxe3 Be6 13. b3 d5 14. exd5 cxd5 15. cxd5 Nxd5 16. Nxd5 Bxd5 17. Nc3 Bxg2 18. Kxg2 Rc8 19. Rc1 Rc6 20. d4 exd4 21. exd4 Re8 22. Qf3 Qe7 23. h4 Nf8 24. d5 Rf6 25. Qd3 Rxf1 26. Rxf1 Qe3 27. Rd1 Qxd3 28. Rxd3 Rd8 29. Kf3 Nd7 30. Kf4 Nc5 31. Rd1 Rd6 32. Ke5 Rg6 33. Ne4 Nxe4 34. Kxe4 Rxg3 35. d6 Kf8 36. d7 Ke7 37. d8Q+ 1-0

[Event "Unterfranken-ch HT 52th"]
[Site "Massbach"]
[Date "2001.04.17"]
[Round "2"]
[White "Engelbrecht, Klaus"]
[Black "Konrad, Fabian"]
[Result "1-0"]
[WhiteElo "1228"]
[BlackElo "1044"]
[PlyCount "76"]
[EventDate "2001.04.16"]
[EventType "swiss"]
[EventRounds "9"]
[EventCountry "GER"]
[SourceTitle "EXT 2015"]
[Source "ChessBase"]
[SourceDate "2014.11.20"]
[SourceVersion "1"]
[SourceVersionDate "2014.11.20"]
[SourceQuality "1"]

1. e4 c5 2. c3 d6 3. Bc4 Nc6 4. d4 cxd4 5. cxd4 e6 6. Nf3 Nf6 7. Nc3 d5 8. exd5 exd5 9. Qe2+ Be7 10. Bb5 0-0 11. 0-0 Bg4 12. Bxc6 bxc6 13. h3 Bh5 14. g4 Bxg4 15. hxg4 Nxg4 16. Kg2 Re8 17. Rh1 Bd6 18. Qc2 g6 19. Bg5 f6 20. Bh4 Re3 21. Rae1 Rxe1 22. Rxe1 Qd7 23. Qe2 Kf7 24. Bg3 h5 25. Nh2 Nxh2 26. Kxh2 h4 27. Bxd6 Qxd6+ 28. Kh3 Rd8 29. f4 Qd7+ 30. Qg4 Qxg4+ 31. Kxg4 Rh8 32. Kh3 f5 33. Re5 Kf6 34. b4 a6 35. Na4 g5 36. fxg5+ Kxg5 37. Nc5 Rh5 38. Ne6+ Kg6 1-0

[Event "Unterfranken-ch HT 52th"]
[Site "Massbach"]
[Date "2001.??.??"]
[Round "?"]
[White "Schreck, Michael"]
[Black "Konrad, Fabian"]
[Result "1-0"]
[WhiteElo "1540"]
[BlackElo "1044"]
[PlyCount "52"]
[EventDate "2001.04.16"]
[EventType "swiss"]
[EventRounds "9"]
[EventCountry "GER"]
[SourceTitle "EXT 2015"]
[Source "ChessBase"]
[SourceDate "2014.11.20"]
[SourceVersion "1"]
[SourceVersionDate "2014.11.20"]
[SourceQuality "1"]

1. d4 Nf6 2. c4 g6 3. Nc3 d6 4. e4 Bg7 5. Bd3 e5 6. d5 0-0 7. Nge2 Bd7 8. 0-0 c6 9. Bd2 a5 10. a3 Qc7 11. Qc2 Na6 12. Na4 Rfb8 13. Rac1 b6 14. dxc6 Qxc6 15. Nac3 Kf8 16. Nb5 Nc5 17. Nec3 Nxd3 18. Qxd3 Ke7 19. Bg5 h6 20. Bxf6+ Bxf6 21. Rfd1 Be6 22. Nd5+ Bxd5 23. cxd5 Qe8 24. Nc7 Qd8 25. Nxa8 Rxa8 26. Rc6 Rc8 1-0